|
|
|
|
| LEADER |
00587nam a22001457a 4500 |
| 020 |
|
|
|a 9780495116820
|
| 082 |
|
|
|2 11th ed.
|a 613.2 WHI/U
|
| 100 |
|
|
|a Whitney, Ellie
|
| 245 |
|
|
|a Understanding Nutrition
|c Ellie Whitney, Sharon Rady Rolfes
|
| 260 |
|
|
|a Australia
|b Thomson Wadsworth
|c 2008
|
| 300 |
|
|
|a xxi, 720p. etc.
|
| 700 |
|
|
|a Ellie Whitney, Sharon Rady Rolfes
|
| 942 |
|
|
|2 ddc
|c BK
|e 11th ed.
|k 613.2
|
| 999 |
|
|
|c 281164
|d 281164
|
| 952 |
|
|
|0 0
|1 0
|4 0
|6 613_200000000000000_WHI_U
|7 0
|9 318755
|a SHS
|b SHS
|c ST1
|d 2011-03-19
|g 0.00
|i 3458
|l 16
|m 1
|o 613.2 WHI/U
|p SHS3458
|q 2020-03-27
|r 2020-02-26
|s 2020-02-26
|w 2011-03-19
|y BK
|